Missing Word: 'A' 20th Century Literature Quiz Stats

 Plays Quiz Updated Dec 12, 2015

Score 0/30 Timer 03:00
0 Plays Today
Title Answer % Correct
____ FarmAnimal
99.3%
____ Quiet on the Western FrontAll
96.7%
The ____ of InnocenceAge
95%
Who's ____ of Virginia Woolf?Afraid
94.3%
A Farewell to ____Arms
94%
The Postman ____ Rings TwiceAlways
93.3%
The World ____ to GarpAccording
92.4%
____ ShruggedAtlas
85.3%
____ and Old LaceArsenic
83.5%
Tarzan of the ____Apes
83.5%
Things Fall ____Apart
83.1%
Angela's ____Ashes
82.1%
The ____ StrainAndromeda
74.2%
Harry Potter and the Prisoner of ____Azkaban
73.9%
A Portrait of the ____ as a Young ManArtist
71%
Title Answer % Correct
The Electric Kool-Aid ____ Test Acid
69.5%
The ____ and the EcstasyAgony
69%
Flowers for ____Algernon
66.2%
Do ____ Dream of Electric Sheep?Androids
58.8%
The ____ Adventures of Kavalier & ClayAmazing
39.5%
The Gulag ____Archipelago
37.9%
A Town Like ____Alice
34.6%
Death Comes for the ____ Archbishop
29.4%
Light in ____August
27.9%
____ PastoralAmerican
26.1%
The End of the ____Affair
19.1%
____ of ReposeAngle
15%
The Rules of ____Attraction
13.4%
The House of Bernarda ____Alba
10.1%
Berlin ____Alexanderplatz
6.1%

Today's Daily Dose

You're not logged in!

Compare scores with friends on all Sporcle quizzes.
OR
Log In

Show Comments

Extras

Top Quizzes Today


Score Distribution

Your Account Isn't Verified!

In order to create a playlist on Sporcle, you need to verify the email address you used during registration. Go to your Sporcle Settings to finish the process.

Report this User

Report this user for behavior that violates our Community Guidelines.

Details: